|
|
|
|
| LEADER |
00883nab#a2200301#ar4500 |
| 001 |
000119021 |
| 003 |
SVKKK |
| 005 |
20170120140443.0 |
| 008 |
161128c2014 xo |||||||||||||||b|slo |
| FMT |
|
|
|
| 015 |
|
|
|a SNBRB2017/01
|
| 038 |
|
|
|a SVKKK
|
| 040 |
|
|
|a SVKKK
|b slo
|e AACR2
|
| 041 |
0 |
|
|a slo
|
| 044 |
|
|
|a xo
|c SK
|
| 080 |
|
|
|a 929 Tancoš, Július
|2 2008
|
| 100 |
1 |
|
|a Daniel Stano
|
| 245 |
1 |
0 |
|a Dve z mnohých tvárí človeka
|c Stano Daniel
|
| 600 |
1 |
4 |
|a Tancoš, Július
|d 1941-2003
|x vedecký pracovník, vysokoškolský pedagóg, romológ
|z Pavlovce nad Uhom (Slovensko)
|x rodák
|z Bratislava, Nitra (Slovensko)
|x pôsobenie
|
| 655 |
|
4 |
|a romiká
|
| 773 |
0 |
|
|t Rómske listy
|g Č. 6 (2014), s. 17
|x 1339-7702
|
| 974 |
|
|
|a Fav
|
| 992 |
|
|
|a RBX
|
| BAS |
|
|
|
| 856 |
4 |
1 |
|u https://issuu.com/romske-listy/docs/romske-listy-6-2014
|
| 852 |
|
|
|a SVKKK
|b BIB
|
| EXP |
|
|
|
| 998 |
|
|
|a ROM
|